[Event "Dieren op"]
[Site "Dieren"]
[Date "2000.07.22"]
[Round "5"]
[White "Van den Dikkenberg, Erik"]
[Black "Mellegers, Joost P"]
[Result "1/2-1/2"]
[WhiteElo "2319"]
[BlackElo "2252"]
[PlyCount "61"]
[EventDate "2000.07.18"]
[EventType "swiss"]
[EventRounds "9"]
[EventCountry "NED"]
[SourceTitle "CBM 077 Extra"]
[Source "ChessBase"]
[SourceDate "2000.09.14"]
[SourceVersion "1"]
[SourceVersionDate "2000.09.14"]
[SourceQuality "1"]

1. e4 c5 2. Nf3 d6 3. d4 cxd4 4. Nxd4 Nf6 5. Nc3 Nc6 6. Be2 e5 7. Nf3 h6 8. 0-0 Be7 9. Re1 0-0 10. h3 Be6 11. Bf1 Nb8 12. a4 Nbd7 13. a5 a6 14. b4 Rc8 15. Nd5 Nxd5 16. exd5 Bf5 17. c4 e4 18. Nd4 Bg6 19. Be3 Ne5 20. Rc1 Bf6 21. Nb3 Nd3 22. Bxd3 exd3 23. Qd2 Re8 24. Qa2 Bg5 25. Nd2 Bxe3 26. fxe3 Be4 27. Nxe4 Rxe4 28. Qd2 Rexc4 29. Rxc4 Rxc4 30. Qxd3 Qc7 31. Rb1 1/2-1/2

[Event "Dieren op"]
[Site "Dieren"]
[Date "2000.07.21"]
[Round "4"]
[White "Mellegers, Joost P"]
[Black "Murey, Jacob"]
[Result "0-1"]
[WhiteElo "2252"]
[BlackElo "2509"]
[PlyCount "80"]
[EventDate "2000.07.18"]
[EventType "swiss"]
[EventRounds "9"]
[EventCountry "NED"]
[SourceTitle "CBM 077 Extra"]
[Source "ChessBase"]
[SourceDate "2000.09.14"]
[SourceVersion "1"]
[SourceVersionDate "2000.09.14"]
[SourceQuality "1"]

1. Nf3 c5 2. c4 Nc6 3. Nc3 g6 4. e3 d6 5. d4 Bg4 6. Be2 Bg7 7. d5 Bxf3 8. Bxf3 Bxc3+ 9. bxc3 Ne5 10. Be2 f5 11. Qb3 Qd7 12. Rb1 b6 13. a4 Nf6 14. a5 bxa5 15. Qa2 0-0 16. Qxa5 Rfb8 17. Rxb8+ Rxb8 18. 0-0 Qb7 19. f3 Qb6 20. Qa4 Qc7 21. h3 h5 22. e4 fxe4 23. f4 Nd3 24. Bxd3 exd3 25. Qd1 Qd7 26. f5 gxf5 27. Qxd3 Ne4 28. Qf3 Rf8 29. Qxh5 Qe8 30. Qh4 Qg6 31. Qxe7 Re8 32. Qxa7 Ng3 33. Rd1 Qh5 34. Qa4 Ne2+ 35. Kh2 Nxc3 36. Qb3 Nxd1 37. Qg3+ Kf7 38. Qxd6 Nf2 39. Qxc5 Ng4+ 40. Kg3 Qg6 0-1

[Event "Dieren op"]
[Site "Dieren"]
[Date "2000.07.19"]
[Round "2"]
[White "Hoeksema, Hendrik Pieter"]
[Black "Mellegers, Joost P"]
[Result "1/2-1/2"]
[WhiteElo "2409"]
[BlackElo "2252"]
[PlyCount "37"]
[EventDate "2000.07.18"]
[EventType "swiss"]
[EventRounds "9"]
[EventCountry "NED"]
[SourceTitle "CBM 077 Extra"]
[Source "ChessBase"]
[SourceDate "2000.09.14"]
[SourceVersion "1"]
[SourceVersionDate "2000.09.14"]
[SourceQuality "1"]

1. d4 d5 2. c4 c6 3. Nf3 Nf6 4. Qc2 dxc4 5. Qxc4 Bf5 6. g3 e6 7. Bg2 Nbd7 8. 0-0 Be7 9. Bg5 0-0 10. Nc3 Rc8 11. Qb3 Qb6 12. e4 Bg6 13. e5 Qxb3 14. axb3 Nd5 15. Rxa7 Rb8 16. Rc1 N7b6 17. Nxd5 Nxd5 18. Be3 Rfd8 19. Ne1 1/2-1/2

[Event "Dieren op"]
[Site "Dieren"]
[Date "2000.07.18"]
[Round "1"]
[White "Mellegers, Joost P"]
[Black "Bloemhard, Rudy"]
[Result "1-0"]
[WhiteElo "2252"]
[BlackElo "2106"]
[PlyCount "73"]
[EventDate "2000.07.18"]
[EventType "swiss"]
[EventRounds "9"]
[EventCountry "NED"]
[SourceTitle "CBM 077 Extra"]
[Source "ChessBase"]
[SourceDate "2000.09.14"]
[SourceVersion "1"]
[SourceVersionDate "2000.09.14"]
[SourceQuality "1"]

1. Nf3 b6 2. g3 Bb7 3. Bg2 g6 4. 0-0 Bg7 5. c4 c5 6. Nc3 Nf6 7. Re1 0-0 8. e4 d6 9. d4 Nc6 10. d5 Na5 11. Qd3 Ba6 12. b3 Rb8 13. Bd2 Ng4 14. Rad1 Bc8 15. h3 Ne5 16. Nxe5 dxe5 17. f4 Nc6 18. Be3 Nd4 19. Ne2 Qd6 20. Nxd4 exd4 21. e5 Qd8 22. Bf2 a6 23. g4 Bb7 24. f5 b5 25. Bh4 gxf5 26. d6 Qd7 27. dxe7 Rfe8 28. Qxf5 Rxe7 29. Bxe7 Qxe7 30. e6 Bxg2 31. Kxg2 bxc4 32. exf7+ Qxf7 33. Qxf7+ Kxf7 34. Rf1+ Kg8 35. bxc4 Rb4 36. Rb1 a5 37. Rxb4 1-0